书目信息 |
| 题名: |
中国创作歌典集 上
|
|
| 作者: | 曹成章 主编 | |
| 分册: | ||
| 出版信息: | 石家庄 花山文艺出版社 1998.04 |
|
| 页数: | 405 | |
| 开本: | 32开 | |
| 丛书名: | ||
| 单 册: | ||
| 中图分类: | J642 | |
| 科图分类: | ||
| 主题词: | 音乐--作品--中国 | |
| 电子资源: | ||
| ISBN: | 7-80611-606-0 | |
| 000 | 00571nam0 2200193 45 | |
| 001 | 0012061025 | |
| 005 | 20001206104848.7 | |
| 010 | @a7-80611-606-0@d共40.00元 | |
| 100 | @a20001206d1998 km y0chiy0120 ea | |
| 101 | 0 | @achi |
| 105 | @a z 000yy | |
| 200 | 1 | @a中国创作歌典集 上@AZhong Guo Chuang Zuo Ge Dian Ji Shang@f曹成章主编@FCao Cheng Zhang Zhu Bian |
| 210 | @a石家庄@c花山文艺出版社@d1998.04 | |
| 215 | @a405@d32开 | |
| 606 | 0 | @a音乐@x作品@x中国 |
| 690 | @aJ642@v3 | |
| 701 | 0 | @a曹成章@4主编 |
| 801 | @aCN@bPftUser@c20001206 | |
| 905 | @dJ642@eC961:1@b514774@f1 | |
| 中国创作歌典集 上/曹成章主编.-石家庄:花山文艺出版社,1998.04 |
| 405;32开 |
| ISBN 7-80611-606-0:共40.00元 |
| ● |
| 相关链接 |
|
|
|
正题名:中国创作歌典集上
索取号:J642/C961:1
 
预约/预借
| 序号 | 登录号 | 条形码 | 馆藏地/架位号 | 状态 | 备注 |
| 1 | 514774 | 205147740 | 社科库309/309社科库 93排3列1层/ [索取号:J642/C961:1] | 在馆 |